000
00297nam a2200121Ia 4500
008
191201s2012 xx 000 0 und d
100
_a
BALAGURUSAMY,E
245
0
_a
Computing fundamentals & C Programming
250
_a
Rep
260
_c
2012
_b
TMH
_a
NEW DELHI
300
_a
508
942
_2
ddc
_c
BK
_0
23
999
_c
7816
_d
7816